000 00632nam a22001932 4500
001 0000009744
005 20151217155843.0
008 081125s xx 000 0 eng d
040 _aKABU
_cKABU
100 1 _aWest, H. W.
_@0000161511
245 1 4 _aThe Transformation of land tenure in Buganda since 1896 /
_cH. W. West.
250 _a1st ed.
260 _aCambridge, U. K. :
_bAfrican Studies Centre, Cambridge University,
_c1969.
300 _a102 p.
650 0 _aLand tenure
_xHistory
_zBuganda, Uganda.
_@0000161512
852 1 _9p200 KES
908 _a081125
950 _@1
999 _c13262
_d13262